| 000 | 00742nam a22001937a 4500 | ||
|---|---|---|---|
| 005 | 20230921142853.0 | ||
| 010 | _aUR-9734 | ||
| 020 |
_a9789350739792 _c200.00 |
||
| 035 | _aU-8289 | ||
| 037 | _bDBAD/PUB | ||
| 082 | _a921 | ||
| 100 |
_aا نسا ر ی ،حسین ا لد ین _957288 |
||
| 245 |
_aتعلیم منز ل / _cحسین الدین انصاری |
||
| 246 |
_bTaleem Manzil / _aby Haseenuddin Ansari |
||
| 260 |
_aد ہلی _bا یجو کیشنل پبليشنگ ہا ؤ س _c2016 |
||
| 270 |
_a3191,و کیل ا ستر یٹ کو چہ پنڈ ت لا ل کنو ا ن ، _bد ہلی _e110006 _k23216162 _l0091-11-23211540 |
||
| 300 |
_a64+14ص _c22cm(Hb) |
||
| 942 |
_2ddc _cUR _h921 _mا ن ص |
||
| 999 |
_c145464 _d145464 |
||